000 00781na a2200241 4500
001 18482
003 MIRAKIL
005 20181213155038.0
008 161118b tu 000 0
040 _aMilas
_btur
_cTR-AnCHP
041 _atur
082 _a338.9
_bB37 1978
090 _a338.9 B37 1978
111 _aBeş Yıllık Kalkınma Planı
_d1979-1983
_n4.
245 _aDördüncü beş yıllık kalkınma planı 1979-1983
_cDevlet Planlama Teşkilatı (DPT)
260 _aAnkara
_bDPT
_c1979
300 _a480 s.
_btbl.;
_c23 sm.
610 _aDevlet Planlama Teşkilatı (DPT)
_xKalkınma planları
650 _aKalkınma planı
_d1979-1983
651 _aTürkiye
_xBeş yıllık kalkınma planları
710 _aDevlet Planlama Teşkilatı (DPT)
942 _2ddc
_cBKS
999 _c5477
_d5477